| Tag |
First Indicator |
Second Indicator |
Subfields |
| LEADER |
00000cam a2200000 a 4500 |
| 001 |
in00000016006 |
| 005 |
20151007052644.0 |
| 008 |
830527s1978 ng ab f00010 fre d |
| 035 |
|
|
|a (OCoLC)09554360
|
| 035 |
|
|
|9 AAA8691AM
|
| 040 |
|
|
|a DJB
|c DJB
|d m/c
|d TXA
|d UtOrBLW
|
| 043 |
|
|
|a f-ng---
|
| 049 |
|
|
|a TXAM
|c [A12586946]
|
| 050 |
|
4 |
|a HC1020.N5
|b N54 1978
|
| 110 |
1 |
|
|a Niger.
|b Ministère du plan.
|
| 245 |
1 |
0 |
|a Plan quinquennal de développement économique et social 1979-1983 / Ministère du Plan.
|
| 264 |
|
1 |
|a Niamey, Niger :
|b Ministère du Plan,
|c 1978?
|
| 300 |
|
|
|a 666 pages :
|b illustrations, maps ;
|c 30 cm.
|
| 336 |
|
|
|a text
|b txt
|2 rdacontent
|
| 337 |
|
|
|a unmediated
|b n
|2 rdamedia
|
| 338 |
|
|
|a volume
|b nc
|2 rdacarrier
|
| 500 |
|
|
|a Errata slip inserted.
|
| 651 |
|
0 |
|a Niger
|x Economic policy.
|
| 651 |
|
0 |
|a Niger
|x Economic conditions.
|
| 999 |
|
|
|a MARS
|
| 999 |
f |
f |
|s c93f6a1f-eba2-36d6-bf34-ae5ddb975dc1
|i d11e9d39-bb39-3a92-9831-03edbce4c757
|t 0
|
| 952 |
f |
f |
|p ric
|a Texas A&M University
|b Rellis Campus
|c Joint Library Facility
|d Remote Storage
|t 0
|e HC1020.N5 N54 1978
|h Library of Congress classification
|i unmediated -- volume
|m A14812586946
|
| 998 |
f |
f |
|a HC1020.N5 N54 1978
|t 0
|l Remote Storage
|